| Tag |
First Indicator |
Second Indicator |
Subfields |
| LEADER |
00000cam a2200000 4500 |
| 001 |
in00000679421 |
| 005 |
20170425122401.0 |
| 008 |
720412s1971 nyuj 00011 eng |
| 010 |
|
|
|a 71176157
|
| 035 |
|
|
|a (OCoLC)00303599
|
| 035 |
|
|
|9 ACZ9718AM
|
| 037 |
|
|
|c $6.95
|
| 040 |
|
|
|a DLC
|c DLC
|d TXA
|d UtOrBLW
|
| 049 |
|
|
|a TXAM
|c [1125960]
|
| 050 |
0 |
0 |
|a PZ4.T985
|b Yo3
|a PR6070.Y4
|
| 090 |
|
|
|a PR6070.Y4
|b Y68 1971
|
| 100 |
1 |
|
|a Tyler-Whittle, Michael Sidney,
|d 1927-
|
| 245 |
1 |
4 |
|a The young Victoria /
|c [by] Tyler Whittle.
|
| 264 |
|
1 |
|a New York :
|b St. Martin's Press,
|c [1971]
|
| 300 |
|
|
|a 246 pages :
|b genealogical table (on lining papers) ;
|c 23 cm.
|
| 336 |
|
|
|a text
|b txt
|2 rdacontent
|
| 337 |
|
|
|a unmediated
|b n
|2 rdamedia
|
| 338 |
|
|
|a volume
|b nc
|2 rdacarrier
|
| 600 |
0 |
0 |
|a Victoria,
|c Queen of Great Britain,
|d 1819-1901
|x Fiction.
|
| 999 |
|
|
|a MARS
|
| 999 |
f |
f |
|s 8f9176bc-22a4-3d78-b3a7-987b0a7a53e9
|i e1f3e8e0-372e-3967-ba9f-94dfa3b2e48a
|t 0
|
| 952 |
f |
f |
|p ric
|a Texas A&M University
|b Rellis Campus
|c Joint Library Facility
|d Remote Storage
|t 0
|e PR6070.Y4 Y68 1971
|h Library of Congress classification
|i unmediated -- volume
|m A14804337286
|
| 998 |
f |
f |
|a PR6070.Y4 Y68 1971
|t 0
|l Remote Storage
|